Normal view
MARC view
Entry Personal Name
001 - CONTROL NUMBER
- control field: 52993
003 - CONTROL NUMBER IDENTIFIER
- control field: OSt
005 - DATE AND TIME OF LATEST TRANSACTION
- control field: 20250513114045.0
008 - FIXED-LENGTH DATA ELEMENTS
- fixed length control field: 250513|| aca||aabn | a|a d
040 ## - CATALOGING SOURCE
- Original cataloging agency: OSt
- Transcribing agency: OSt
100 ## - HEADING--PERSONAL NAME
- Personal name: Mishra, Tanmaya Gupta, Bindiya and Achhnani, Bhumika
670 ## - SOURCE DATA FOUND
- Source citation: Work cat.: (OSt): Mishra, Tanmaya Gupta, Bindiya and Achhnani, Bhumika , The dark side: A look at India’s edtech landscape
